| Tag |
First Indicator |
Second Indicator |
Subfields |
| LEADER |
00000cam a22000001a 4500 |
| 001 |
in00002149293 |
| 006 |
m e d # |
| 007 |
cr mn mmmmabba |
| 008 |
870821s1790 nju s s000 0 eng d |
| 005 |
20260331143037.0 |
| 035 |
|
|
|z w025856
|
| 035 |
|
|
|a MAAR8708241302B
|
| 035 |
|
|
|9 mwa91-53284
|
| 035 |
|
|
|a 341647
|
| 035 |
|
|
|a aas03025856
|
| 040 |
|
|
|a MWA
|c MWA
|e bdrb
|d UtOrBLW
|
| 110 |
1 |
|
|a New Jersey.
|b Legislature.
|b Legislative Council (1776-1844)
|
| 245 |
1 |
2 |
|a A journal and proceedings of the Legislative-Council of the state of New-Jeresy :
|b in General Assembly convened at the city of Burlington, on Tuesday, the twenty-sixth day of October, one thousand seven hundred and ninety.
|
| 264 |
|
3 |
|a Burlington [N.J.] :
|b Printed by Neale and Lawrence,
|c M.DCC.XC. [1790]
|
| 300 |
|
|
|a 39 pages, 1 unnumbered page ;
|c (folio)
|
| 336 |
|
|
|a text
|b txt
|2 rdacontent
|
| 337 |
|
|
|a computer
|b c
|2 rdamedia
|
| 338 |
|
|
|a online resource
|b cr
|2 rdacarrier
|
| 500 |
|
|
|a Running title: Journal of the Legislative-Council of New-Jersey. William Paterson, Esquire, governor.
|
| 510 |
4 |
|
|a Evans
|c 22713
|
| 530 |
|
|
|a Microform version available in the Readex Early American Imprints series.
|
| 533 |
|
|
|a Electronic text and image data.
|b [Chester, Vt. :
|c Readex, a division of Newsbank, Inc.,
|d 2002-2004.
|e Includes files in TIFF, GIF and PDF formats with inclusion of keyword searchable text.
|f (Early American imprints. First series ; no. 22713).
|
| 500 |
|
|
|a Electronic resource.
|
| 752 |
|
|
|a United States
|b New Jersey
|d Burlington.
|
| 830 |
|
0 |
|a Early American imprints.
|n Series I,
|p Evans (1639-1800) ;
|v no. 22713.
|
| 856 |
4 |
1 |
|u http://proxy.library.tamu.edu/login?url=https://opac.newsbank.com/select/evans/22713
|y Evans Digital Edition
|t 0
|
| 999 |
|
|
|a MARS
|
| 999 |
f |
f |
|s d2460684-93f5-3194-979f-7d3442d3504f
|i 7023bb65-2e2d-38ae-891d-b3995146a354
|t 0
|
| 952 |
f |
f |
|a Texas A&M University
|b College Station
|c Electronic Resources
|s www_evans
|d Available Online
|t 0
|h No information provided
|
| 998 |
f |
f |
|t 0
|l Available Online
|